Szczegóły MARC21

Jak pracować z uczniem zdolnym w kl. I-III? : poradnik dla nauczycieli nauczania początkowego : praca zbiorowa /

003 -Nazwa inst., której nr kontr. jest w polu 001 [,]
    • @
    • Nazwa instytucji, której n kontrolny jest w polu 001
    • NUKAT
005 -DATA I CZAS OSTATNIEJ MODYFIKACJI [,]
    • @
    • pole kontrolne
    • 20241231100251.0
040 -Instytucja sporządzająca opis [ , ]
    • a
    • Instytucja, która sporządziła opis (NP)
    • KR U/BG
    • c
    • Instytucja, która sporządziła rekord (NP)
    • KR U/BG
    • d
    • Instytucja, która zmodyfikowała rekord (P)
    • KR U/BG
    • d
    • Instytucja, która zmodyfikowała rekord (P)
    • POZN U/KaKs
942 -Rodzaj dokumentu [ , ]
    • c
    • Rodzaj dokumentu
    • Książka
245 -Strefa tytułu i oznaczenia odpowiedzialności [0,0]
    • a
    • Tytuł
    • Jak pracować z uczniem zdolnym w kl. I-III? : Find
    • b
    • Ciąg dalszy tytułu (NP)
    • poradnik dla nauczycieli nauczania początkowego : praca zbiorowa / Find
    • c
    • Pozostałe elementy strefy tytułu i oznaczenia odpowiedzialności (NP)
    • pod kier. Marii Węglińskiej ; Centrum Doskonalenia Nauczycieli im. Wł. Spasowskiego w Warszawie. Oddział w Szczecinie.
260 -Strefa adresu wydawniczego [ , ]
    • a
    • Miejsce wydania (P)
    • Szczecin :
    • b
    • Nazwa wydawcy (P)
    • Centrum Doskonalenia Nauczycieli. Oddział,
    • c
    • Data wydania (P)
    • 1990.
300 -Strefa opisu fizycznego [ , ]
    • a
    • Określenie formy książki i/lub objętość (NP)
    • 77 s. ;
    • c
    • Format (NP)
    • 21 cm.
336 -Typ zawartości [ , ]
    • a
    • Termin opisujący typ zawartości
    • Tekst
    • b
    • Kod określający zawartość
    • txt
    • 2
    • Źródło (terminu i kodu)
    • rdacontent
337 -Typ mediów [ , ]
    • a
    • Tryb odtwarzania
    • Bez urządzenia pośredniczącego
    • b
    • Kod typu mediów
    • n
    • 2
    • Źródło (terminu i kodu)
    • rdamedia
338 -Typ/rodzaj nośnika [ , ]
    • a
    • Hasło opisujące typ nośnika
    • Wolumin
    • b
    • Kod typu nośnika
    • nc
    • 2
    • Źródło (terminu i kodu)
    • rdacarrier
504 -Uwaga dot. bibliogr. załącznikowej [ , ]
    • a
    • Uwaga dot. bibliografii załącznikowej
    • Bibliogr. s. 74-77.
080 -Uniwersalna Klasyfikacja Dziesiętna [ , ]
    • 2
    • Identyfikator wydania tablic
    • UDC-P058
    • 9
    • UKD
    • 3898
    • a
    • Symbol klasyfikacji
    • 373.3.046-021.64
    • b
    • Dopowiedzenie
    • Nauczanie początkowe (I-III).
080 -Uniwersalna Klasyfikacja Dziesiętna [ , ]
    • 2
    • Identyfikator wydania tablic
    • UDC-P058
    • 9
    • UKD
    • 3922
    • a
    • Symbol klasyfikacji
    • 376-056.45
    • b
    • Dopowiedzenie
    • Nauczanie osób utalentowanych, geniuszy.
650 -Hasło przedmiotowe [ ,7]
    • a
    • Hasło przedmiotowe
    • Dzieci uzdolnione
    • x
    • Określnik rzeczowy
    • edukacja
    • v
    • Określnik formalny
    • poradniki.
    • 2
    • Źródło terminu
    • kaba
    • 9
    • KHW
    • 583358
650 -Hasło przedmiotowe [ ,7]
    • a
    • Hasło przedmiotowe
    • Nauczanie początkowe
    • v
    • Określnik formalny
    • poradniki.
    • 2
    • Źródło terminu
    • kaba
    • 9
    • KHW
    • 361472
980 -Symbol UKD [ , ]
    • a
    • UKD
    • 373.3.046-021.64:376-056.45
700 -Hasło dodatkowe - nazwa osobowa [1, ]
    • a
    • Nazwa osobowa (NP)
    • Węglińska, Maria Find
    • d
    • Daty biograficzne (NP)
    • (1936-2022).
    • e
    • Określenie rodzaju współpracy
    • Red.
    • 9
    • KHW
    • 64787
Lokalizacja Status udost. Uwagi nie widoczne w OPAC Data inwentaryzacji Numer inwentarzowy
BG1retrokonwersja Pd.5079